000 00308nam a2200121Ia 4500
008 231120s2019 xx 000 0 und d
041 _aeng
082 _a751.4
100 _aGIOVANNI CIVARDI
245 _aDRAWING PORTRAITS: FACES AND FIGURES
260 _aSEARCH PRESS
_bSEARCH PRESS
_c2019
300 _aP-64
999 _c933434
_d933434